Hodnotenie výkonnosti spoločnosti Železničné stavby, a.s.
Hodnotenie výkonnosti vybraného stavebného podniku v podmienkach SR na báze metodiky EVA a následne použitím metódy diskontovaných peňažných tokov (DCF).
Enregistré dans:
| Auteur principal: | |
|---|---|
| Autres auteurs: | |
| Format: | Chapitre de livre |
| Langue: | slovaque |
| Sujets: | |
| Tags: |
Pas de tags, Soyez le premier à ajouter un tag!
|
MARC
| LEADER | 00000nla a2200000 4500 | ||
|---|---|---|---|
| 001 | 0152700 | ||
| 005 | 20240502072723.4 | ||
| 041 | 0 | |a slo | |
| 044 | |a SK | ||
| 245 | 1 | 0 | |a Hodnotenie výkonnosti spoločnosti Železničné stavby, a.s. |c Zuzana Nižníková, Denisa Bilohuščinová |
| 520 | |a Hodnotenie výkonnosti vybraného stavebného podniku v podmienkach SR na báze metodiky EVA a následne použitím metódy diskontovaných peňažných tokov (DCF). | ||
| 610 | 2 | 0 | |a podnik |
| 610 | 2 | 0 | |a stavebníctvo |
| 610 | 2 | 0 | |a výkony podnikové |
| 610 | 2 | 0 | |a meranie výkonnosti |
| 610 | 2 | 0 | |a metódy organizácie |
| 610 | 2 | 0 | |a ukazovateľ EVA |
| 100 | 1 | |a Nižníková, Zuzana, 1986- | |
| 700 | 1 | |a Bilohuščinová, Denisa | |